[Event "DEN-ch Seniors"]
[Site "Aalborg"]
[Date "2023.02.19"]
[Round "7"]
[White "Nielsen, Bent K"]
[Black "Nielsen, Peter"]
[Result "0-1"]
[WhiteElo "1304"]
[BlackElo "1685"]
[PlyCount "44"]
[EventDate "2023.02.19"]
[EventType "swiss"]
[EventRounds "7"]
[EventCountry "DEN"]
[SourceTitle "CBM 213 Extra"]
[Source "ChessBase"]
[SourceDate "2023.05.31"]
[SourceVersion "1"]
[SourceVersionDate "2023.05.31"]
[SourceQuality "1"]

1. Nf3 Nf6 2. d4 g6 3. c3 Bg7 4. Bf4 d6 5. h3 0-0 6. e4 Nxe4 7. Bc4 d5 8. Bd3 f5 9. Qc1 Nc6 10. Bh6 e6 11. Bxg7 Kxg7 12. h4 Qf6 13. Qf4 Rf7 14. Ng5 Re7 15. f3 Nd6 16. h5 e5 17. Qh4 exd4+ 18. Kf2 h6 19. hxg6 Qxg5 20. Qxg5 hxg5 21. g4 Kf6 22. Rh8 Kg7 0-1

[Event "DEN-ch Seniors 65"]
[Site "Aalborg"]
[Date "2022.02.26"]
[Round "7"]
[White "Larsen, Hans Haagen"]
[Black "Nielsen, Peter"]
[Result "1/2-1/2"]
[WhiteElo "1618"]
[BlackElo "1678"]
[PlyCount "107"]
[EventDate "2022.02.20"]
[EventType "swiss"]
[EventRounds "7"]
[EventCountry "DEN"]
[SourceTitle "EXT 2024"]
[Source "ChessBase"]
[SourceDate "2023.10.10"]
[SourceVersion "1"]
[SourceVersionDate "2023.10.10"]
[SourceQuality "1"]

1. b4 e5 2. Bb2 Bxb4 3. Bxe5 Nf6 4. Nf3 0-0 5. e3 c5 6. Be2 Nc6 7. Bb2 d5 8. 0-0 Bf5 9. c3 Ba5 10. Na3 a6 11. d3 b5 12. Nc2 Rc8 13. a4 b4 14. cxb4 cxb4 15. Ncd4 Nxd4 16. Nxd4 Bg6 17. Qb3 Qd7 18. Rfc1 Rxc1+ 19. Bxc1 Rc8 20. Bd2 h6 21. Nc2 Rc7 22. Rb1 Qc8 23. Nxb4 Bxb4 24. Bxb4 Rc1+ 25. Rxc1 Qxc1+ 26. Qd1 Qb2 27. Bc5 Nd7 28. Bd4 Qa3 29. Qc2 Kh7 30. h3 Qb4 31. Bf3 Qa3 32. Bxd5 Bxd3 33. Be4+ Bxe4 34. Qxe4+ Kg8 35. Qc6 Nb8 36. Qb6 Qc1+ 37. Kh2 Qc8 38. a5 Nd7 39. Qd6 Nf8 40. Kg3 Ne6 41. Bb6 Qb7 42. f3 Kh7 43. Qe5 Kg8 44. h4 Qd7 45. e4 Qd2 46. f4 Qe3+ 47. Kh2 Qe2 48. Bc7 Qe1 49. Kh3 Nxc7 50. Qxc7 Qxe4 51. g3 h5 52. Qc8+ Kh7 53. Kh2 Qe2+ 54. Kh3 1/2-1/2

[Event "DEN-ch Seniors 65"]
[Site "Logumkloster"]
[Date "2020.02.14"]
[Round "6"]
[White "Nielsen, Peter"]
[Black "Larsen, Finn1111"]
[Result "1-0"]
[WhiteElo "1653"]
[BlackElo "1822"]
[PlyCount "55"]
[EventDate "2020.02.09"]
[EventType "swiss"]
[EventRounds "7"]
[EventCountry "DEN"]
[SourceTitle "EXT 2021"]
[Source "ChessBase"]
[SourceDate "2020.10.23"]
[SourceVersion "1"]
[SourceVersionDate "2020.10.23"]
[SourceQuality "1"]

1. d4 f5 2. Bg5 Nf6 3. Bxf6 exf6 4. e3 d5 5. c4 Bb4+ 6. Nc3 c6 7. a3 Bxc3+ 8. bxc3 Nd7 9. cxd5 cxd5 10. Bd3 Nb6 11. Nh3 Be6 12. Nf4 Qd6 13. h4 0-0 14. h5 Rfc8 15. Qb3 Rc7 16. Kd2 Rac8 17. Rhc1 Kf7 18. a4 g6 19. hxg6+ hxg6 20. a5 Nc4+ 21. Bxc4 dxc4 22. Qd1 Rh8 23. Qf3 g5 24. Nxe6 Qxe6 25. Rh1 g4 26. Qf4 Rcc8 27. Rxh8 Rxh8 28. Qc7+ 1-0

[Event "Helsingor Xtracon op"]
[Site "Helsingor"]
[Date "2019.07.28"]
[Round "10"]
[White "Hinrichs, Kurt"]
[Black "Nielsen, Peter"]
[Result "1/2-1/2"]
[WhiteElo "1225"]
[BlackElo "1686"]
[PlyCount "137"]
[EventDate "2019.07.20"]
[EventType "swiss"]
[EventRounds "10"]
[EventCountry "DEN"]
[SourceTitle "CBM 191 Extra"]
[Source "ChessBase"]
[SourceDate "2019.09.30"]
[SourceVersion "1"]
[SourceVersionDate "2019.09.30"]
[SourceQuality "1"]

1. d4 f5 2. Bf4 Nf6 3. e3 g6 4. Nf3 Bg7 5. Nbd2 0-0 6. c3 d6 7. Bd3 Qe8 8. 0-0 Nh5 9. Bg5 e5 10. Qb3+ Kh8 11. dxe5 dxe5 12. Bc4 c6 13. e4 f4 14. Rad1 h6 15. h3 b5 16. Be2 Na6 17. c4 Nc5 18. Qc2 Ne6 19. h4 hxg5 20. hxg5 Qe7 21. cxb5 cxb5 22. Qc6 Bb7 23. Qxb5 Nxg5 24. Nxg5 Qxg5 25. Bxh5 gxh5 26. Qxb7 h4 27. Nf3 Qg4 28. Qd7 Qh5 29. Qh3 Rab8 30. b3 Rbd8 31. Qxh4 Qxh4 32. Nxh4 Kh7 33. f3 Bf6 34. Nf5 Rxd1 35. Rxd1 Rd8 36. Rxd8 Bxd8 37. a4 a5 38. Nd6 Kg6 39. Kf2 Bb6+ 40. Ke2 Kh5 41. Nc4 Bc7 42. Kf1 Kh4 43. Kg1 Kg3 44. Kh1 Kf2 45. Kh2 Ke2 46. Kh3 Kd3 47. g3 fxg3 48. Kxg3 Kc3 49. Nxe5 Bxe5+ 50. Kg4 Kxb3 51. f4 Bd4 52. e5 Kxa4 53. e6 Bc5 54. f5 Be7 55. Kh5 Kb5 56. Kg6 Kc6 57. Kf7 Bh4 58. e7 Bxe7 59. Kxe7 a4 60. f6 a3 61. f7 a2 62. f8Q a1Q 63. Qe8+ Kc5 64. Qc8+ Kd5 65. Qe6+ Kc5 66. Qd6+ Kc4 67. Qe6+ Kd3 68. Qf5+ Ke3 69. Qe6+ 1/2-1/2

[Event "Wch Seniors 65 28th"]
[Site "Bled"]
[Date "2018.11.28"]
[Round "10"]
[White "Nielsen, Peter"]
[Black "McKerracher, Douglas"]
[Result "1/2-1/2"]
[WhiteElo "1687"]
[BlackElo "1878"]
[PlyCount "94"]
[EventDate "2018.11.18"]
[EventType "swiss"]
[EventRounds "11"]
[EventCountry "SLO"]
[SourceTitle "CBM 187 Extra"]
[Source "ChessBase"]
[SourceDate "2018.11.04"]
[SourceVersion "1"]
[SourceVersionDate "2018.11.04"]
[SourceQuality "1"]

1. d4 f5 2. e4 fxe4 3. Nc3 Nf6 4. Bg5 Nc6 5. d5 Ne5 6. Qe2 c6 7. f4 Nf7 8. Bxf6 exf6 9. Qxe4+ Qe7 10. Qxe7+ Bxe7 11. 0-0-0 d6 12. Bc4 a6 13. dxc6 bxc6 14. Nf3 d5 15. Bb3 Bd7 16. Rhe1 Ra7 17. Na4 Nd6 18. Nc5 Bg4 19. Ba4 Nb5 20. h3 Bxf3 21. gxf3 Kf7 22. Ne6 Re8 23. f5 g6 24. fxg6+ hxg6 25. Nd4 Rc7 26. Bb3 Nxd4 27. Rxd4 Bc5 28. Rxe8 Kxe8 29. Ra4 Ra7 30. Kd2 Kd7 31. c3 a5 32. Bc2 g5 33. b4 Bb6 34. bxa5 Bxa5 35. Kd3 c5 36. c4 d4 37. Ke4 Ke6 38. f4 gxf4 39. Kxf4 Bd2+ 40. Ke4 Rxa4 41. Bxa4 f5+ 42. Kd3 Be1 43. Bd1 Ke5 44. a4 Kf4 45. Ke2 Ba5 46. Kf2 Kg5 47. Kf3 Bc7 1/2-1/2

[Event "Wch Seniors 65 28th"]
[Site "Bled"]
[Date "2018.11.27"]
[Round "9"]
[White "El Gheiadi, Ibrahim"]
[Black "Nielsen, Peter"]
[Result "1/2-1/2"]
[WhiteElo "1831"]
[BlackElo "1687"]
[PlyCount "100"]
[EventDate "2018.11.18"]
[EventType "swiss"]
[EventRounds "11"]
[EventCountry "SLO"]
[SourceTitle "CBM 187 Extra"]
[Source "ChessBase"]
[SourceDate "2018.11.04"]
[SourceVersion "1"]
[SourceVersionDate "2018.11.04"]
[SourceQuality "1"]

1. e4 e5 2. Nf3 Nc6 3. Bb5 a6 4. Ba4 Nf6 5. d3 d6 6. c3 b5 7. Bc2 Be7 8. a4 Bb7 9. Nbd2 h6 10. Nf1 Nb8 11. axb5 axb5 12. Rxa8 Bxa8 13. Ng3 Nbd7 14. Nf5 0-0 15. Qe2 Re8 16. g4 Nf8 17. g5 hxg5 18. Nxg5 N8h7 19. Nxh7 Nxh7 20. Rg1 Bf6 21. Bh6 g6 22. Be3 Kf8 23. Ng3 Qd7 24. Qf3 Qe6 25. Bc1 d5 26. exd5 Bxd5 27. Ne4 Bg7 28. Qg3 Bxe4 29. dxe4 Bf6 30. h4 Ke7 31. Be3 Qa2 32. Bc5+ Kd8 33. Qd3+ Kc8 34. Qxb5 Rd8 35. Rg3 Bxh4 36. Rd3 Rxd3 37. Bxd3 Ng5 38. Ke2 Nh3 39. Bc4 Ng1+ 40. Kf1 Qb1+ 41. Kg2 Qxe4+ 42. Kxg1 Qg4+ 43. Kh2 Qf4+ 44. Kh3 Qf5+ 45. Kxh4 Qf4+ 46. Kh3 Qf3+ 47. Kh2 Qf4+ 48. Kh1 Qf3+ 49. Kh2 Qf4+ 50. Kg2 Qg4+ 1/2-1/2

[Event "Wch Seniors 65 28th"]
[Site "Bled"]
[Date "2018.11.26"]
[Round "8"]
[White "Nielsen, Peter"]
[Black "Tavcar, Rado"]
[Result "0-1"]
[WhiteElo "1687"]
[BlackElo "1847"]
[PlyCount "116"]
[EventDate "2018.11.18"]
[EventType "swiss"]
[EventRounds "11"]
[EventCountry "SLO"]
[SourceTitle "CBM 187 Extra"]
[Source "ChessBase"]
[SourceDate "2018.11.04"]
[SourceVersion "1"]
[SourceVersionDate "2018.11.04"]
[SourceQuality "1"]

1. d4 d5 2. Bf4 e6 3. e3 Bd6 4. Bxd6 Qxd6 5. c3 Nd7 6. Nf3 e5 7. dxe5 Nxe5 8. Nxe5 Qxe5 9. Qd4 Qxd4 10. cxd4 Nf6 11. Bd3 c6 12. Nd2 0-0 13. 0-0 Bd7 14. Nf3 Rfd8 15. h3 Ne4 16. Bxe4 dxe4 17. Nd2 Re8 18. f3 exf3 19. Rxf3 Rad8 20. Nb3 Be6 21. Nc5 Bc8 22. b4 f6 23. a4 b6 24. Nb3 Be6 25. Nd2 c5 26. bxc5 bxc5 27. Rff1 cxd4 28. exd4 Rxd4 29. Nf3 Rb4 30. Rfc1 Reb8 31. Rc7 R4b7 32. Rxb7 Rxb7 33. Nd4 Bd5 34. a5 a6 35. Nf3 Bxf3 36. gxf3 Rb5 37. Kf2 Kf7 38. Kg3 g5 39. h4 h6 40. Ra4 f5 41. Ra3 Kf6 42. Kh3 Ke5 43. Kg3 Kd4 44. Ra1 Kc4 45. Rc1+ Kb4 46. Rc6 Rxa5 47. Rxh6 gxh4+ 48. Rxh4+ Kb3 49. Rh6 Ra4 50. Rf6 f4+ 51. Kg4 a5 52. Ra6 Kc4 53. Ra8 Kb5 54. Re8 Rc4 55. Re4 a4 56. Re8 Kb4 57. Rb8+ Kc3 58. Ra8 Kb3 0-1

[Event "Wch Seniors 65 28th"]
[Site "Bled"]
[Date "2018.11.22"]
[Round "5"]
[White "Turegano Moratalla, Santiago"]
[Black "Nielsen, Peter"]
[Result "0-1"]
[WhiteElo "1808"]
[BlackElo "1687"]
[PlyCount "88"]
[EventDate "2018.11.18"]
[EventType "swiss"]
[EventRounds "11"]
[EventCountry "SLO"]
[SourceTitle "CBM 187 Extra"]
[Source "ChessBase"]
[SourceDate "2018.11.04"]
[SourceVersion "1"]
[SourceVersionDate "2018.11.04"]
[SourceQuality "1"]

1. e4 c5 2. Nf3 g6 3. d4 cxd4 4. Nxd4 Nc6 5. Ne2 Nf6 6. Nbc3 Bg7 7. g3 d6 8. Bg2 0-0 9. 0-0 Bd7 10. h3 Rb8 11. Be3 b5 12. Rb1 a5 13. Qd2 b4 14. Nd5 Nxd5 15. exd5 Ne5 16. b3 Bb5 17. Rfc1 Nd7 18. Nd4 Bxd4 19. Qxd4 Nc5 20. Bh6 e5 21. dxe6 Nxe6 22. Qb2 d5 23. Bxf8 Nxf8 24. Qe5 Bc6 25. Rd1 Rb5 26. c4 bxc3 27. Qxc3 Bb7 28. Bf1 Rb4 29. a3 d4 30. Qd3 Qd5 31. f3 Rb6 32. Bg2 Ne6 33. Rb2 Qd6 34. b4 Qxg3 35. b5 Nf4 36. Qxd4 Rxb5 37. Qd8+ Kg7 38. Qd4+ Kh6 39. Rbd2 Rd5 40. Qe3 Rxd2 41. Rxd2 Kh5 42. Qe5+ f5 43. Qe7 Nxh3+ 44. Kf1 Ba6+ 0-1

[Event "Wch Seniors 65 28th"]
[Site "Bled"]
[Date "2018.11.18"]
[Round "1"]
[White "Nielsen, Peter"]
[Black "Mayer, Roland1111"]
[Result "0-1"]
[WhiteElo "1687"]
[BlackElo "2076"]
[PlyCount "60"]
[EventDate "2018.11.18"]
[EventType "swiss"]
[EventRounds "11"]
[EventCountry "SLO"]
[SourceTitle "CBM 187 Extra"]
[Source "ChessBase"]
[SourceDate "2018.11.04"]
[SourceVersion "1"]
[SourceVersionDate "2018.11.04"]
[SourceQuality "1"]

1. d4 Nf6 2. Bf4 g6 3. e3 Bg7 4. Nc3 d6 5. Bd3 0-0 6. h3 Nc6 7. Nf3 Re8 8. Bb5 a6 9. Bxc6 bxc6 10. 0-0 Rb8 11. Rb1 Nd7 12. Qd2 e5 13. dxe5 dxe5 14. Bg3 Qe7 15. Ne4 h6 16. c4 f5 17. Nc3 g5 18. b3 Nf8 19. Rbd1 Ng6 20. Qc2 h5 21. Rd2 g4 22. hxg4 hxg4 23. Ne1 Qg5 24. Bh2 f4 25. exf4 exf4 26. g3 f3 27. Ne4 Qh5 28. Nc3 Rxe1 29. Rxe1 Qh3 30. Re8+ Kh7 0-1

[Event "Helsingor Xtracon op"]
[Site "Helsingor"]
[Date "2018.07.29"]
[Round "10"]
[White "Nielsen, Peter"]
[Black "Bering, Anders"]
[Result "0-1"]
[WhiteElo "1707"]
[BlackElo "1995"]
[PlyCount "88"]
[EventDate "2018.07.21"]
[EventType "swiss"]
[EventRounds "10"]
[EventCountry "DEN"]
[SourceTitle "CBM 185 Extra"]
[Source "ChessBase"]
[SourceDate "2018.07.29"]
[SourceVersion "1"]
[SourceVersionDate "2018.07.29"]
[SourceQuality "1"]

1. c4 e5 2. g3 Nf6 3. Bg2 d5 4. cxd5 Nxd5 5. Nc3 Nb6 6. Nf3 Nc6 7. 0-0 Be7 8. e3 0-0 9. b3 Be6 10. Bb2 f6 11. Re1 Nd5 12. Nxd5 Bxd5 13. e4 Bf7 14. d4 exd4 15. Nxd4 Nxd4 16. Qxd4 Qxd4 17. Bxd4 Rfd8 18. Be3 c6 19. Bf3 a5 20. Red1 Bb4 21. Bb6 Rxd1+ 22. Rxd1 Be6 23. Be2 Kf8 24. f4 Ke7 25. f5 Bf7 26. Bc7 a4 27. Bc4 axb3 28. axb3 Bxc4 29. bxc4 Ra4 30. Kg2 Bc5 31. Rb1 Kd7 32. Bf4 Rb4 33. Rxb4 Bxb4 34. e5 fxe5 35. Bxe5 g6 36. f6 Ke6 37. Bb2 Bd2 38. h4 g5 39. Kf3 gxh4 40. gxh4 h5 41. Ke4 Be1 42. f7 Kxf7 43. Ke5 Bxh4 44. Kd6 Bg3+ 0-1

[Event "Helsingor Xtracon op"]
[Site "Helsingor"]
[Date "2018.07.23"]
[Round "4"]
[White "Nielsen, Peter"]
[Black "Gade, Jens"]
[Result "0-1"]
[WhiteElo "1707"]
[BlackElo "1465"]
[PlyCount "58"]
[EventDate "2018.07.21"]
[EventType "swiss"]
[EventRounds "10"]
[EventCountry "DEN"]
[SourceTitle "CBM 185 Extra"]
[Source "ChessBase"]
[SourceDate "2018.07.29"]
[SourceVersion "1"]
[SourceVersionDate "2018.07.29"]
[SourceQuality "1"]

1. d4 Nf6 2. Bf4 d6 3. Nc3 g6 4. e4 Bg7 5. Be2 0-0 6. h3 a6 7. Nf3 b5 8. a3 Bb7 9. Qd3 Nc6 10. 0-0 Nd7 11. Rad1 e5 12. dxe5 Ndxe5 13. Nxe5 dxe5 14. Be3 Qxd3 15. Rxd3 Rad8 16. Rfd1 Rxd3 17. Bxd3 Nd4 18. f3 Rd8 19. Bxd4 exd4 20. Ne2 c5 21. b3 Bh6 22. f4 Rc8 23. c3 c4 24. bxc4 bxc4 25. Bb1 d3 26. Bxd3 cxd3 27. Rxd3 Bxe4 28. Rd6 Bc6 29. g3 Bf8 0-1

[Event "Helsingor Xtracon op"]
[Site "Helsingor"]
[Date "2018.07.22"]
[Round "2"]
[White "Nielsen, Peter"]
[Black "Mehringer, Joerg"]
[Result "0-1"]
[WhiteElo "1707"]
[BlackElo "1933"]
[PlyCount "82"]
[EventDate "2018.07.21"]
[EventType "swiss"]
[EventRounds "10"]
[EventCountry "DEN"]
[SourceTitle "CBM 185 Extra"]
[Source "ChessBase"]
[SourceDate "2018.07.29"]
[SourceVersion "1"]
[SourceVersionDate "2018.07.29"]
[SourceQuality "1"]

1. d4 Nf6 2. Bf4 d6 3. e3 g6 4. Nc3 Bg7 5. h3 0-0 6. Nf3 b6 7. Bd3 Bb7 8. Qe2 a6 9. g4 Nbd7 10. Rg1 b5 11. a3 c5 12. g5 Nd5 13. Nxd5 Bxd5 14. c3 e5 15. dxe5 dxe5 16. e4 c4 17. Bc2 exf4 18. exd5 Re8 19. Be4 Nc5 20. Nd2 Nd3+ 21. Kf1 Nxb2 22. Qf3 Na4 23. Rc1 Qd6 24. Rg4 Qxa3 25. Rc2 Be5 26. d6 Rad8 27. d7 Re7 28. Bc6 Nxc3 29. Ne4 Qa1+ 30. Kg2 Nxe4 31. Qxe4 Bd6 32. Qd5 Qe5 33. Qf3 Bc7 34. h4 Qc5 35. h5 Re6 36. Bd5 Re5 37. hxg6 Qxd5 38. gxf7+ Kf8 39. g6 hxg6 40. Rxg6 Kxf7 41. Rh6 Rg5+ 0-1

[Event "Helsingor Xtracon op"]
[Site "Helsingor"]
[Date "2018.07.22"]
[Round "3"]
[White "O'Gorman, Brendan"]
[Black "Nielsen, Peter"]
[Result "1-0"]
[WhiteElo "1514"]
[BlackElo "1707"]
[PlyCount "73"]
[EventDate "2018.07.21"]
[EventType "swiss"]
[EventRounds "10"]
[EventCountry "DEN"]
[SourceTitle "CBM 185 Extra"]
[Source "ChessBase"]
[SourceDate "2018.07.29"]
[SourceVersion "1"]
[SourceVersionDate "2018.07.29"]
[SourceQuality "1"]

1. e4 d5 2. exd5 Nf6 3. Nf3 Nxd5 4. d4 Bg4 5. Be2 e6 6. h3 Bh5 7. c3 c6 8. Qb3 Qc7 9. 0-0 Nd7 10. Bg5 Be7 11. Bxe7 Nxe7 12. Re1 0-0 13. Nbd2 Bg6 14. Nc4 Nd5 15. Nfe5 Nxe5 16. Nxe5 Nf4 17. Bf3 Nd3 18. Nxd3 Bxd3 19. Be4 Bxe4 20. Rxe4 Rfd8 21. Rae1 Rd7 22. c4 Rad8 23. Qc3 Kf8 24. Rg4 f5 25. Rg3 Re7 26. Re5 Qd6 27. Rd3 Kf7 28. g4 g6 29. Kg2 b6 30. Kf3 c5 31. d5 Qc7 32. Rde3 Rde8 33. Qd3 exd5 34. Qxd5+ Kf8 35. Rxe7 Rxe7 36. gxf5 Rf7 37. Re5 1-0

[Event "Helsingor Xtracon op"]
[Site "Helsingor"]
[Date "2017.07.26"]
[Round "6"]
[White "Nielsen, Peter"]
[Black "Lunde, Sigmund"]
[Result "1-0"]
[WhiteElo "1694"]
[BlackElo "1932"]
[PlyCount "101"]
[EventDate "2017.07.22"]
[EventType "swiss"]
[EventRounds "10"]
[EventCountry "DEN"]
[SourceTitle "CBM 179 Extra"]
[Source "ChessBase"]
[SourceDate "2017.08.23"]
[SourceVersion "1"]
[SourceVersionDate "2017.08.23"]
[SourceQuality "1"]

1. c4 e5 2. Nc3 Nf6 3. g3 c6 4. Bg2 Be7 5. e3 0-0 6. Nge2 Na6 7. a3 d5 8. cxd5 cxd5 9. b4 Nc7 10. 0-0 Bd7 11. Bb2 Bc6 12. d3 d4 13. exd4 Bxg2 14. Kxg2 exd4 15. Ne4 Ne6 16. Nxf6+ Bxf6 17. Qb3 b5 18. Rac1 Qd7 19. Rc2 Rac8 20. Rfc1 Qb7+ 21. f3 Ng5 22. Rf1 Rxc2 23. Qxc2 Rc8 24. Qd2 Qd7 25. Nf4 Be5 26. Kh1 h6 27. Ng2 Ne6 28. Rc1 Kf8 29. Rc2 g5 30. Qc1 Rxc2 31. Qxc2 Qd5 32. Ne1 g4 33. Qe2 Ng5 34. Kg2 Bf6 35. Bc1 gxf3+ 36. Nxf3 Kg7 37. Kf2 Nh3+ 38. Kg2 Ng5 39. Kf2 Qc6 40. Bxg5 hxg5 41. h4 gxh4 42. Nxh4 Kf8 43. Qe4 Qxe4 44. dxe4 Ke7 45. Ke2 Be5 46. Nf5+ Kf6 47. Kd3 Kg5 48. Nxd4 a6 49. Nf3+ Kf6 50. Nxe5 Kxe5 51. Ke3 1-0

[Event "Helsingor Xtracon op"]
[Site "Helsingor"]
[Date "2017.07.24"]
[Round "4"]
[White "Nielsen, Peter"]
[Black "Sandberg, Martin"]
[Result "0-1"]
[WhiteElo "1694"]
[BlackElo "1893"]
[PlyCount "66"]
[EventDate "2017.07.22"]
[EventType "swiss"]
[EventRounds "10"]
[EventCountry "DEN"]
[SourceTitle "CBM 179 Extra"]
[Source "ChessBase"]
[SourceDate "2017.08.23"]
[SourceVersion "1"]
[SourceVersionDate "2017.08.23"]
[SourceQuality "1"]

1. e4 d6 2. d4 g6 3. Nc3 Bg7 4. Be3 Nd7 5. Nf3 Ngf6 6. h3 0-0 7. Bc4 c6 8. a4 e6 9. Bb3 d5 10. e5 Ne8 11. Qd2 f6 12. Bh6 c5 13. Bxg7 Kxg7 14. exf6+ Qxf6 15. dxc5 Nxc5 16. 0-0-0 Nxb3+ 17. cxb3 Bd7 18. Rhe1 Nd6 19. Nxd5 exd5 20. Qxd5 Bf5 21. Rd2 Rac8+ 22. Kd1 Rfd8 23. g4 Be4 24. Rxe4 Qxf3+ 25. Ree2 Qxd5 26. Rxd5 Ne4 27. Rxd8 Rxd8+ 28. Kc2 Nc5 29. Re7+ Kg8 30. Rc7 Rd5 31. Kc3 Ne4+ 32. Kc4 Rd2 33. f3 Rc2+ 0-1

[Event "Wch Seniors 65 26th"]
[Site "Marianske Lazne"]
[Date "2016.11.27"]
[Round "8"]
[White "Nielsen, Peter"]
[Black "Palla, Ivan"]
[Result "1/2-1/2"]
[WhiteElo "1713"]
[BlackElo "1514"]
[PlyCount "24"]
[EventDate "2016.11.19"]
[EventType "swiss"]
[EventRounds "11"]
[EventCountry "CZE"]
[SourceTitle "CBM 175 Extra"]
[Source "ChessBase"]
[SourceDate "2016.12.12"]
[SourceVersion "1"]
[SourceVersionDate "2016.12.12"]
[SourceQuality "1"]

1. e4 c5 2. Nc3 Nc6 3. f4 e6 4. Nf3 Be7 5. Be2 d6 6. d4 cxd4 7. Nxd4 Nf6 8. Be3 a6 9. Qd2 Qc7 10. g4 b5 11. Bf3 Bb7 12. Qg2 Rc8 1/2-1/2

[Event "Wch Seniors 65 26th"]
[Site "Marianske Lazne"]
[Date "2016.11.24"]
[Round "6"]
[White "Nielsen, Peter"]
[Black "Flockerzi, Armin"]
[Result "0-1"]
[WhiteElo "1713"]
[BlackElo "1860"]
[PlyCount "54"]
[EventDate "2016.11.19"]
[EventType "swiss"]
[EventRounds "11"]
[EventCountry "CZE"]
[SourceTitle "CBM 175 Extra"]
[Source "ChessBase"]
[SourceDate "2016.12.12"]
[SourceVersion "1"]
[SourceVersionDate "2016.12.12"]
[SourceQuality "1"]

1. e4 d6 2. d4 Nf6 3. Nc3 e6 4. Nf3 Be7 5. Bd3 b6 6. Ne2 Bb7 7. Ng3 Nbd7 8. h3 Qc8 9. Be3 c5 10. c3 c4 11. Bc2 Bc6 12. Qe2 b5 13. a4 a6 14. 0-0 Qb7 15. Bd2 0-0 16. Rfe1 Rfc8 17. b3 cxb3 18. Bxb3 h6 19. Bc2 Bd8 20. Qd3 Nf8 21. Bxh6 gxh6 22. Qe3 Kg7 23. e5 dxe5 24. dxe5 N6h7 25. Nh5+ Kh8 26. Qxh6 f5 27. Ng5 Bxg5 0-1

[Event "Wch Seniors 65 26th"]
[Site "Marianske Lazne"]
[Date "2016.11.22"]
[Round "4"]
[White "Haupt, Joachim"]
[Black "Nielsen, Peter"]
[Result "1/2-1/2"]
[WhiteElo "1812"]
[BlackElo "1713"]
[PlyCount "47"]
[EventDate "2016.11.19"]
[EventType "swiss"]
[EventRounds "11"]
[EventCountry "CZE"]
[SourceTitle "CBM 175 Extra"]
[Source "ChessBase"]
[SourceDate "2016.12.12"]
[SourceVersion "1"]
[SourceVersionDate "2016.12.12"]
[SourceQuality "1"]

1. c4 c5 2. Nf3 Nc6 3. g3 g6 4. Bg2 Bg7 5. Nc3 e5 6. 0-0 Nge7 7. d3 0-0 8. Be3 d6 9. Qc1 Rb8 10. Bh6 Bd7 11. h3 a6 12. Bxg7 Kxg7 13. Nd2 b5 14. b3 b4 15. Nd5 Nxd5 16. cxd5 Nd4 17. Re1 f5 18. Nc4 Qc7 19. e3 Nb5 20. f4 exf4 21. gxf4 Qd8 22. Qb2+ Qf6 23. Qxf6+ Rxf6 24. Rac1 1/2-1/2

[Event "Wch Seniors 65 26th"]
[Site "Marianske Lazne"]
[Date "2016.11.20"]
[Round "2"]
[White "Ben Zeev, Moshe"]
[Black "Nielsen, Peter"]
[Result "1-0"]
[WhiteElo "1943"]
[BlackElo "1713"]
[PlyCount "55"]
[EventDate "2016.11.19"]
[EventType "swiss"]
[EventRounds "11"]
[EventCountry "CZE"]
[SourceTitle "CBM 175 Extra"]
[Source "ChessBase"]
[SourceDate "2016.12.12"]
[SourceVersion "1"]
[SourceVersionDate "2016.12.12"]
[SourceQuality "1"]

1. d4 Nf6 2. Nf3 e6 3. c4 Bb4+ 4. Nc3 Ne4 5. Qc2 d5 6. a3 Bxc3+ 7. bxc3 b6 8. e3 0-0 9. Bd3 f5 10. 0-0 Nd7 11. a4 Ndf6 12. Ne5 Bd7 13. Ba3 Re8 14. cxd5 exd5 15. c4 c5 16. cxd5 Nxd5 17. Bxe4 fxe4 18. Qxe4 Nc3 19. Qd3 cxd4 20. exd4 Nd5 21. a5 b5 22. Bc5 a6 23. f4 Rc8 24. Rae1 Rc7 25. Qb3 Be6 26. f5 Bf7 27. Nxf7 Kxf7 28. Bb6 1-0

[Event "DEN-ch Seniors 65"]
[Site "Randers"]
[Date "2015.02.08"]
[Round "2"]
[White "Pedersen, Jan Rode"]
[Black "Nielsen, Peter"]
[Result "1-0"]
[WhiteElo "2248"]
[BlackElo "1749"]
[PlyCount "71"]
[EventDate "2015.02.07"]
[EventType "swiss"]
[EventRounds "7"]
[EventCountry "DEN"]
[SourceTitle "EXT 2016"]
[Source "ChessBase"]
[SourceDate "2015.10.08"]
[SourceVersion "1"]
[SourceVersionDate "2015.10.08"]
[SourceQuality "1"]

1. e4 c5 2. Nf3 g6 3. d4 cxd4 4. Nxd4 Nc6 5. c4 Bg7 6. Be3 Nf6 7. Nc3 d6 8. Be2 0-0 9. Nc2 a5 10. 0-0 Nd7 11. Na4 Nc5 12. Nxc5 dxc5 13. Bxc5 Bxb2 14. Rb1 Bg7 15. Qc1 Rb8 16. Qe3 f5 17. Bb6 Qd6 18. Rbd1 Qf6 19. Bc7 Ra8 20. exf5 Bxf5 21. Bd3 Bxd3 22. Rxd3 Qb2 23. Na3 Bd4 24. Qe6+ Kh8 25. Bg3 Rf6 26. Qe1 e5 27. Nb5 Qxa2 28. Nxd4 exd4 29. Be5 Nxe5 30. Qxe5 Raf8 31. Rf3 Kg7 32. Qxd4 Qa4 33. Ra1 Qb4 34. g4 b6 35. Rxf6 Rxf6 36. g5 1-0

[Event "DEN-ch Seniors 65"]
[Site "Randers"]
[Date "2015.02.07"]
[Round "1"]
[White "Nielsen, Peter"]
[Black "Hvenekilde, Jorgen"]
[Result "1/2-1/2"]
[WhiteElo "1749"]
[BlackElo "2125"]
[PlyCount "46"]
[EventDate "2015.02.07"]
[EventType "swiss"]
[EventRounds "7"]
[EventCountry "DEN"]
[SourceTitle "EXT 2016"]
[Source "ChessBase"]
[SourceDate "2015.10.08"]
[SourceVersion "1"]
[SourceVersionDate "2015.10.08"]
[SourceQuality "1"]

1. e4 g6 2. d4 d6 3. g3 Bg7 4. Bg2 Nd7 5. Ne2 e6 6. 0-0 Ne7 7. c4 b6 8. Nbc3 Bb7 9. Be3 a6 10. b4 Rb8 11. Qd2 h6 12. f4 f5 13. d5 e5 14. exf5 Nxf5 15. Be4 0-0 16. Rac1 Kh7 17. Rf2 Bc8 18. Rcf1 Qe7 19. Qd3 exf4 20. Bxf4 Nf6 21. Bd2 Nxe4 22. Nxe4 Bd7 23. Bc3 Rbe8 1/2-1/2

[Event "Gibraltar Masters 12th"]
[Site "Caleta"]
[Date "2014.02.06"]
[Round "10"]
[White "Nielsen, Peter"]
[Black "Bajer, Renato"]
[Result "0-1"]
[WhiteElo "1760"]
[BlackElo "1914"]
[PlyCount "66"]
[EventDate "2014.01.28"]
[EventType "swiss"]
[EventRounds "10"]
[EventCountry "GGB"]
[SourceTitle "CBM 159"]
[Source "ChessBase"]
[SourceDate "2014.03.17"]
[SourceVersion "1"]
[SourceVersionDate "2014.03.17"]
[SourceQuality "1"]

1. e4 e5 2. Nf3 Nc6 3. d4 exd4 4. Bc4 Nf6 5. e5 d5 6. Bb5 Ne4 7. Nxd4 Bc5 8. 0-0 Bd7 9. Bxc6 bxc6 10. c3 Qe7 11. f3 Ng5 12. b4 Bb6 13. f4 Ne4 14. a4 a6 15. Ba3 c5 16. bxc5 Bxc5 17. Bxc5 Qxc5 18. Qf3 0-0 19. g4 f6 20. exf6 Rxf6 21. Kg2 Bxg4 22. Qd3 Rg6 23. Kh1 Rh6 24. Nd2 Rh3 25. Nxe4 dxe4 26. Qxe4 Rf8 27. Ne6 Qh5 28. Ra2 Re8 29. f5 Bf3+ 30. Rxf3 Rxf3 31. Qc4 Kh8 32. Nxc7 Re1+ 33. Kg2 Qh3# 0-1